Counties of Hungary (With a Map) - Statistics

General Stats
  • This quiz has been taken 3,184 times
  • The average score is 12 of 20
Answers on the Map
Answers color-coded by a green-red scale on the quiz's map according to % correct below.
 
Answer Stats
County % Correct
Budapest
96%
Pest
83%
Vas
68%
Zala
63%
Fejér
62%
Győr-Moson-Sopron
61%
Nógrád
61%
Veszprém
61%
Baranya
58%
Békés
58%
Csongrád
56%
Heves
56%
Somogy
56%
Tolna
56%
Bács-Kiskun
54%
Komárom-Esztergom
54%
Borsod-Abaúj-Zemplén
51%
Hajdú-Bihar
51%
Jász-Nagykun-Szolnok
47%
Szabolcs-Szatmár-Bereg
45%
No matching quizzes found
Score Distribution
Percent of People with Each Score
Percentile by Number Answered
Your Score History
You have not taken this quiz